Most Popular Song by Artist/Band #1 - Statistics

General Stats
  • This quiz has been taken 36 times
  • The average score is 9 of 15
Answer Stats
Song Band % Correct
Hey Jude The Beatles
97%
Stairway To Heaven Led Zeppelin
92%
Lose Yourself Eminem
83%
Creep Radiohead
78%
Bridge Over Troubled Water Simon and Garfunkel
72%
All Along The Watchtower Jimi Hendrix
69%
I Just Called To Say I Love You Stevie Wonder
67%
I Walk The Line Johnny Cash
64%
Don't Bring Me Down Electric Light Orchestra
56%
Take Me Out Franz Ferdinand
47%
American Girl Tom Petty and The Heartbreakers
44%
The Weight The Band
39%
Freak on a Leash Korn
33%
Bad, Bad Leroy Brown Jim Croce
31%
Beverly Hills Weezer
31%
No matching quizzes found
Score Distribution
Percent of People with Each Score
Percentile by Number Answered
Your Score History
You have not taken this quiz